000 00430pab a2200157 454500
008 180718b2006 xxu||||| |||| 00| 0 eng d
100 _aBernauer, Thomas
245 _aOn the interconnectedness of regulatory policy and markets: lessons from banking
260 _c2006
300 _ap.509-25.
362 _aJul
650 _aBanks
700 _aKoubi, Vally
773 _aBritish Journal of Political Science
909 _a71061
999 _c71061
_d71061